banner koha

Aphelandra squarrosa Nees, um novo hospedeiro de Myrothecium roridum Tode ex Fr. [folhagem, fungo] (Registro n. 111968)

MARC details
000 -LÍDER
campo de controle de tamanho fixo 01020nas a2200265 4500
001 - NÚMERO DE CONTROLE
campo de controle BR8301966
003 - IDENTIFICADOR DO NÚMERO DE CONTROLE
campo de controle BR-BrBNA
005 - DATA E HORÁRIO DA ÚLTIMA TRANSAÇÃO
campo de controle 20231205085524.0
007 - CAMPO FIXO DE DESCRIÇÃO FÍSICA--INFORMAÇÃO GERAL
campo de controle de tamanho fixo ta
008 - CAMPO DE DADOS FIXOS--INFORMAÇÃO GERAL
campo de controle de tamanho fixo 230509b bl.|||p| |||| 00| 00por d
040 ## - FONTE DA CATALOGAÇÃO
Instituição da catalogação original BR-BrBNA
Idioma da catalogação por
Instituição que transcreveu o registro Biblioteca Nacional de Agricultura
041 ## - CÓDIGO DE IDIOMA
Código do idioma do texto/trilha sonora ou título diferente (Pt)
072 ## - CÓDIGO DE CATEGORIA DE ASSUNTO
Código de Categoria de Assunto H20
100 1# - ENTRADA PRINCIPAL--NOME PESSOAL
Nome pessoal Cardoso, R.M.G.
100 1# - ENTRADA PRINCIPAL--NOME PESSOAL
Nome pessoal Pitta, G.P.B. (Instituto Biologico, Sao Paulo, SP (Brazil). Secao de Micologia Fitopatologica)
111 1# - ENTRADA PRINCIPAL--NOME DO EVENTO
Nome do evento ou lugar 29. Congresso da Sociedade Americana de Ciencias Horticulas
Local do evento Campinas, SP (Brazil)
Data do evento ou assinatura do tratado 18 Oct 1981
245 1# - TÍTULO
Título Aphelandra squarrosa Nees, um novo hospedeiro de Myrothecium roridum Tode ex Fr. [folhagem, fungo]
246 1# - FORMA VARIANTE DO TÍTULO
Título/título abreviado Aphelandra squarrosa Nees, a new host of Myrothecium roridum Tode ex Fr. [foliage, fungus]
650 ## - ASSUNTO--TERMO TÓPICO
Cabeçalho tópico ou nome geográfico FOLHA
650 ## - ASSUNTO--TERMO TÓPICO
Cabeçalho tópico ou nome geográfico FUNGO
650 ## - ASSUNTO--TERMO TÓPICO
Cabeçalho tópico ou nome geográfico HOSPEDEIRO
773 0# - ENTRADA ANALÍTICA
Título Biologico (Brazil)
ISSN - International Standard Serial Number ISSN 0366-0567
Partes relacionadas (Aug 1982), v. 48(8) p. 183-187
Número de controle do registro BR8301966
909 ## -
-- 202311
-- Lúcia
-- 55
-- Lúcia Elande
942 ## - ELEMENTOS DE ENTRADA ADICIONADOS (KOHA)
Fonte da classificação ou esquema de arquivamento na estante Classificação AGRIS
Ocultar no OPAC Não
Tipo de material Koha Analítica
Exemplares
Situação do descarte Fonte da classificação ou esquema de arquivamento na estante Situação física Não pode ser emprestado Biblioteca de origem Biblioteca atual Localização na estante Enumeração do periódico / cronologia Total de empréstimos Data de último acesso Número do exemplar Tipo de material Koha Fonte de aquisição
  Classificação AGRIS   Consulta local Biblioteca Nacional de Agricultura - Binagri Biblioteca Nacional de Agricultura - Binagri   (Aug 1982), v. 48(8) p. 183-187   29/11/2023 01 Periódicos Portaria Interministerial nº 164/94

BINAGRI

Telefone: (61)3218-2567/2388/3357/2097 - binagri@agro.gov.br

Ministério da Agricultura e Pecuária , Esplanada dos Ministérios, Bloco D, Anexo B, Brasília/DF, CEP: 70.043-900